书目信息 |
| 题名: |
络合滴定原理
|
|
| 作者: | 彭崇慧 , 张锡瑜 编著 | |
| 分册: | ||
| 出版信息: | 北京 北京大学出版社 1981 |
|
| 页数: | 126页 | |
| 开本: | 19cm | |
| 丛书名: | ||
| 单 册: | ||
| 中图分类: | O655.25 | |
| 科图分类: | ||
| 主题词: | 络合滴定--理论 | |
| 电子资源: | ||
| ISBN: | ||
| 000 | 00696nam0 2200253 45 | |
| 001 | 0181005273 | |
| 005 | 20040519153817.5 | |
| 010 | @dCNY0.65 | |
| 091 | @a13209.29 | |
| 100 | @a19950510d1981 em y0chiy0121 ea | |
| 101 | 0 | @achi |
| 102 | @aCN@b110000 | |
| 105 | @ay z 000yy | |
| 106 | @ar | |
| 200 | 10 | @a络合滴定原理@Aluo he di ding yuan li@f彭崇慧,张锡瑜编著 |
| 210 | @a北京@c北京大学出版社@d1981 | |
| 215 | @a126页@d19cm | |
| 606 | @a络合滴定@x理论 | |
| 690 | @aO655.25@v3 | |
| 701 | 0 | @a彭崇慧@Apeng chong hui@4编著 |
| 701 | 0 | @a张锡瑜@Azhang xi yu@4编著 |
| 801 | 0 | @aCN@b上海图书馆@c20040519 |
| 801 | 2 | @aCN@bNLC@c20040519 |
| 905 | @f3@b141848-850@dO655.25@e15@b159188-189@f2 | |
| 络合滴定原理/彭崇慧,张锡瑜编著.-北京:北京大学出版社,1981 |
| 126页;19cm |
| ISBN :CNY0.65 |
| ● |
| 相关链接 |
|
|
|
|
正题名:络合滴定原理
索取号:O655.25/15
 
预约/预借
| 序号 | 登录号 | 条形码 | 馆藏地/架位号 | 状态 | 备注 |
| 1 | 0141848 | 000632667 | 第三借阅区/ [索取号:O655.25/15] | 在馆 | |
| 2 | 0141849 | 000632701 | 第三借阅区/ [索取号:O655.25/15] | 在馆 | |
| 3 | 0141850 | 000632710 | 第三借阅区/ [索取号:O655.25/15] | 在馆 | |
| 4 | 0141851 | 202096604 | 第二样本阅览室/ [索取号:O655.25/15] | 在馆 | |
| 5 | 0159188 | 000632694 | 第三借阅区/ [索取号:O655.25/15] | 在馆 | |
| 6 | 0159189 | 000632685 | 第三借阅区/ [索取号:O655.25/15] | 在馆 |